| 000 | 00549nam a22002297a 4500 | ||
|---|---|---|---|
| 003 | OSt | ||
| 005 | 20180116183016.0 | ||
| 008 | 151009b xxu||||| |||| 00| 0 eng d | ||
| 020 | _a9789382291565 | ||
| 022 | _a9789382291565 | ||
| 040 | _c0 | ||
| 050 | _a005.73 | ||
| 082 | _a005.73 | ||
| 100 | _aDoan,Anhai. | ||
| 245 |
_aPrinciples of Data Integration. _cAnhai Doan |
||
| 260 |
_aNew Delhi _bSLSEVIER. _c2012. |
||
| 300 | _a497p. | ||
| 500 | _aPaper Cover | ||
| 600 | _aDoan,Anhai. | ||
| 700 | _aDoan,Anhai. | ||
| 942 |
_2ddc _cBK _k005.73 |
||
| 999 |
_c350407 _d350407 |
||